Southville International School and Colleges
Your cart is empty.
  • Cart
  • Lists
    Public lists Eva Luna New books Lux_list list_1
    Your lists Log in to create your own lists
  • Log in to your account
  • Your cookies
  • Search history
Southville International School and Colleges
  • Advanced search
  • Recent comments
  • Most popular
  • Libraries

Log in to your account

Log in with GOOGLE


If you do not have an external account, but do have a local account, you can still log in:

  1. Home
  2. MARC view: The turn of the screw /
Normal view MARC view ISBD view

The turn of the screw / (Record no. 20921)

[ view plain ]
MARC details
000 -LEADER
fixed length control field 00444nam a2200169 a 4500
005 - DATE AND TIME OF LATEST TRANSACTION
control field 20140310183259.0
008 - FIXED-LENGTH DATA ELEMENTS--GENERAL INFORMATION
fixed length control field 970101s19uu xx 00 eng d
020 ## - INTERNATIONAL STANDARD BOOK NUMBER
International Standard Book Number 0812533410
050 ## - LIBRARY OF CONGRESS CALL NUMBER
Classification number PS 2116
Item number .J27 1993
100 ## - MAIN ENTRY--PERSONAL NAME
Personal name James, Henry
245 ## - TITLE STATEMENT
Title The turn of the screw /
Statement of responsibility, etc Henry James.
260 ## - PUBLICATION, DISTRIBUTION, ETC. (IMPRINT)
Place of publication, distribution, etc New York :
Name of publisher, distributor, etc Penguin Books,
Date of publication, distribution, etc 1993.
300 ## - PHYSICAL DESCRIPTION
Extent 146 p. :
Dimensions 18 cm.
650 ## - SUBJECT ADDED ENTRY--TOPICAL TERM
Topical term or geographic name as entry element Classics
General subdivision advise
942 ## - ADDED ENTRY ELEMENTS (KOHA)
Koha item type Books
Source of classification or shelving scheme Library of Congress Classification
Holdings
Withdrawn status Lost status Source of classification or shelving scheme Damaged status Home library Current library Shelving location Date acquired Total Checkouts Full call number Barcode Date last seen Copy number Price effective from Koha item type
    Library of Congress Classification   College Library College Library Fiction Section 11/19/2004   PS 2116 .J27 1993 C5674 10/30/2014 1 10/10/2013 Books

The turn of the screw /

APA

James H., . (1993). The turn of the screw. New York: Penguin Books.

Chicago

James Henry, . 1993. The turn of the screw. New York: Penguin Books.

Harvard

James H., . (1993). The turn of the screw. New York: Penguin Books.

MLA

James Henry, . The turn of the screw. New York: Penguin Books. 1993.

  • Place hold
  • Print
  • Cite
  • Add to your cart (remove)
  • Save record
    BIBTEX Dublin Core MARCXML MARC (non-Unicode/MARC-8) MARC (Unicode/UTF-8) MARC (Unicode/UTF-8, Standard) MODS (XML) RIS
  • More searches
    Search for this title in:
    Other Libraries (WorldCat) Other Databases (Google Scholar) Online Stores (Bookfinder.com) Open Library (openlibrary.org)

Exporting to Dublin Core...

SOUTHVILLE LIBRARY

Southville International School and Colleges Library

1281 Tropical Ave. Cor. Luxembourg St., BF Homes International, Las Pinas City

Tel. No. 8256374 / 252358 Loc. 117/146

Powered by Koha